Cuba y Estados Unidos: algunas claves de un viraje radical /
Сохранить в:
| Главный автор: | |
|---|---|
| Формат: | Текст |
| Метки: |
Добавить метку
Нет меток, Требуется 1-ая метка записи!
|
MARC
| LEADER | 00000 a a2200000 04500 | ||
|---|---|---|---|
| 001 | 48752 | ||
| 003 | |||
| 040 | |||
| 100 | |a Alzugaray, Carlos | ||
| 245 | |a Cuba y Estados Unidos: |b algunas claves de un viraje radical / |c Carlos Alzugaray | ||
| 773 | |a número255, (2015), páginas 19-24 | ||
| 999 | |c 31593 |d 31593 | ||
